000 00817cam a22002413a 4500
001 25709
003 PGUSA
005 20140828083543.0
008 080606s2008||||xxu|||||s|||||000 | eng d
040 _aPGUSA
_beng
042 _adc
050 4 _aBR
100 1 _aWilberforce, William,
_d1759-1833
245 1 2 _aA Practical View of the Prevailing Religious System of Professed Christians, in the Middle and Higher Classes in this Country, Contrasted with Real Christianity.
_h[electronic resource] /
_cWilliam Wilberforce
260 _bProject Gutenberg,
_c2008
506 _aPublic domain in the USA.
516 _aElectronic text
653 _aChristianity
653 _aChristianity -- Great Britain
830 0 _aProject Gutenberg
_v25709
856 4 0 _uhttp://www.gutenberg.org/ebooks/25709
942 _cEB
999 _c254964
_d254964